| 000 | 00658nam a2200169 i 4500 | ||
|---|---|---|---|
| 001 | 100831 | ||
| 003 | ES-MaACL | ||
| 007 | t| | ||
| 008 | 051006s1953 sp ||||1| spa d | ||
| 100 | 1 |
_aMateu Sánchez, Manuel. _979006 |
|
| 245 | 1 | 0 |
_aFormularios prácticos de Administración Municipal / _cManuel Mateu Sánchez; prólogo de Don José Mª Terrades Rodríguez; apostillas finales por Don Vicente Alvarez Santolino. |
| 260 |
_aValencia : _b[s.n.], _c1953 ( _fTip. P. Quiles) |
||
| 300 |
_a485 p. ; _c24 cm. |
||
| 700 | 1 |
_aTerrades Rodríguez, José María. _9109772 |
|
| 700 | 1 |
_aAlvarez Santolino, Vicente. _920964 |
|
| 852 |
_aES-MaACL _jC-6382 _bR.35701 |
||
| 999 |
_c100831 _d100831 |
||